Имитационное моделирование температурных полей в многомерных теплоизлучающих телах; Известия Томского политехнического университета [Известия ТПУ]; Т. 305, вып. 2 : труды II-го семинара вузов Сибири и Дальнего Востока по теплофизике и теплоэнергетике, Томск, 24-25 октября 2001 г.

Dades bibliogràfiques
Parent link:Известия Томского политехнического университета [Известия ТПУ]/ Томский политехнический университет (ТПУ).— , 2000-
Т. 305, вып. 2 : труды II-го семинара вузов Сибири и Дальнего Востока по теплофизике и теплоэнергетике, Томск, 24-25 октября 2001 г..— 2002.— [С. 25-27]
Altres autors: Воробьёв А. В. Александр Владимирович, Заворин А. С. Александр Сергеевич, Кузьмин А. В. Ариан Валерьевич, Раков Ю. Я. Юрий Яковлевич
Sumari:Заглавие с титульного листа
Электронная версия печатной публикации
Приводится оценка влияния систематической погрешности измерения тепловых потоков на погрешность определения КТ. На первом этапе имитационного моделирования решалась прямая задача теплопроводности (1)-(3) при известном КТ. В результате расчета определяли суммарный тепловой поток, уходящий с нижней грани. На втором этапе моделирования вносилась погрешность в используемые при решении обратной задачи (1)-(4) численные значения падающего на верхнюю грань и уходящего с нижней грани тепловые потоки.
Idioma:rus
Publicat: 2002
Col·lecció:Теплофизика
Matèries:
Accés en línia:http://www.lib.tpu.ru/fulltext/v/Bulletin_TPU/2002/v305/i2/04.pdf
Format: MixedMaterials Electrònic Capítol de llibre
KOHA link:https://koha.lib.tpu.ru/cgi-bin/koha/opac-detail.pl?biblionumber=163519

MARC

LEADER 00000nla2a2200000 4500
001 163519
005 20240115111228.0
035 |a (RuTPU)RU\TPU\book\177416 
035 |a RU\TPU\book\177411 
090 |a 163519 
100 |a 20090819d2002 k y0rusy50 ca 
101 0 |a rus 
102 |a RU 
135 |a drnn ---uucaa 
181 0 |a i  
182 0 |a b 
200 1 |a Имитационное моделирование температурных полей в многомерных теплоизлучающих телах  |f А. В. Воробьев, А. С. Заворин, А. В. Кузьмин, Ю. Я. Раков 
203 |a Текст  |c электронный 
215 |a 1 файл (372 Кб) 
225 1 |a Теплофизика 
300 |a Заглавие с титульного листа 
300 |a Электронная версия печатной публикации 
320 |a [Библиогр.: с. 27 (2 назв.)] 
330 |a Приводится оценка влияния систематической погрешности измерения тепловых потоков на погрешность определения КТ. На первом этапе имитационного моделирования решалась прямая задача теплопроводности (1)-(3) при известном КТ. В результате расчета определяли суммарный тепловой поток, уходящий с нижней грани. На втором этапе моделирования вносилась погрешность в используемые при решении обратной задачи (1)-(4) численные значения падающего на верхнюю грань и уходящего с нижней грани тепловые потоки. 
337 |a Adobe Reader 
461 1 |0 (RuTPU)RU\TPU\book\176237  |t Известия Томского политехнического университета [Известия ТПУ]  |f Томский политехнический университет (ТПУ)  |d 2000- 
463 1 |0 (RuTPU)RU\TPU\book\177290  |t Т. 305, вып. 2 : труды II-го семинара вузов Сибири и Дальнего Востока по теплофизике и теплоэнергетике, Томск, 24-25 октября 2001 г.  |o тематический выпуск  |f под ред. С. В. Алексеенко, А. С. Заворина, Л. А. Беляева  |v [С. 25-27]  |d 2002  |p 257 с. 
610 1 |a физика 
610 1 |a имитационное моделирование 
610 1 |a температурные поля 
610 1 |a многомерные тела 
610 1 |a теплоизлучающие тела 
610 1 |a тепловые потоки 
610 1 |a погрешности измерения 
610 1 |a коэффициент теплопроводности 
610 1 |a теплопроводность 
610 1 |a суммарные тепловые потоки 
610 1 |a труды учёных ТПУ 
610 1 |a электронный ресурс 
701 1 |a Воробьёв  |b А. В.  |c специалист в области энергетики  |c доцент Томского политехнического университета, кандидат технических наук  |f 1949-  |g Александр Владимирович  |3 (RuTPU)RU\TPU\pers\26029  |9 11876 
701 1 |a Заворин  |b А. С.  |c специалист в области теплотехники  |c профессор Томского политехнического университета, доктор технических наук  |f 1946-  |g Александр Сергеевич  |3 (RuTPU)RU\TPU\pers\25896 
701 1 |a Кузьмин  |b А. В.  |c специалист в области теплоэнергетики  |c доцент Томского политехнического университета, кандидат технических наук  |f 1942-  |g Ариан Валерьевич  |3 (RuTPU)RU\TPU\pers\25529  |9 11459 
701 1 |a Раков  |b Ю. Я.  |c специалист в области теплоэнергетики  |c доцент Томского политехнического университета, кандидат технических наук  |f 1947-  |g Юрий Яковлевич  |3 (RuTPU)RU\TPU\pers\25984 
801 1 |a RU  |b 63413507  |c 20090623  |g PSBO 
801 2 |a RU  |b 63413507  |c 20211201  |g PSBO 
856 4 |u http://www.lib.tpu.ru/fulltext/v/Bulletin_TPU/2002/v305/i2/04.pdf 
942 |c CF